[Event "72nd Oregon Open"]
[Site "Portland, OR"]
[Date "2022.09.03"]
[Round "2"]
[White "Toppen-Ryan, Harrison"]
[Black "Paez, David"]
[Result "1-0"]
[WhiteElo "1818"]
[BlackElo "1978"]
[Annotator "Harrison Toppen-Ryan"]
[PlyCount "43"]
[EventDate "2022.09.03"]
[EventType "swiss"]
[EventRounds "6"]
[EventCountry "USA"]

1. d4 d5 2. c4 c6 3. cxd5 cxd5 4. Bg5 $5 {What in tarnation is this!? Did
white just forget to play Nc3 first? Nope! This line with an early Bg5 is very
rare and throws a lot of Slav players off guard.} Nf6 {The most natural,
common, and probably correct move here. Now white will trade and willingly
give up the bishop pair. In return, black has a ruined pawn structure with
whichever pawn they may choose to recapture on f6.} 5. Bxf6 gxf6 {I prefer
this way for black, not allowing the d5 pawn to be an isolated target.} 6. Nc3
Bg7 $6 {Inaccuracy. Bf5 was best. I had a good game against NM/WFM Zoey Tang
back at the Vancouver open this year where black instead tried:} (6... Nc6 7.
e3 e6 8. Bd3 Bd6 9. g3 a6 10. a3 b6 11. Nf3 Bb7 12. O-O Ne7 13. Qd2 e5 $4 14.
e4 $1 exd4 15. Nxd5 $36 {and white had all of the fun here.}) (6... Bf5 7. e3
e6 8. Rc1 Nd7 9. g3 Rc8 10. Bg2 Qb6 11. Qd2) 7. e3 O-O $6 {Inaccuracy. Nc6 was
best.} (7... Nc6 8. Bb5) 8. Bd3 Nc6 9. Nge2 $6 {Inaccuracy. Qh5 was best. This
move isn't the worst but I could've just gone for the attack with Qh5! here
first and white is better.} (9. Qh5 h6 10. Nge2 e5 11. Rd1 exd4 12. exd4 f5 13.
Bxf5 Be6 14. g4 b5 15. Kf1 b4) 9... Kh8 {My opponent spent nearly 40 minutes
on this move. The idea is to avoid:} (9... e5 10. dxe5 fxe5 11. Nxd5) 10. Nf4
e6 $6 {Inaccuracy. e5 was best.} (10... e5 11. Qh5) 11. Qh5 $36 {Now white has
the initiative and hopefully an attack soon.} f5 $4 {Blunder. h6 was best. A
natural move, and one I would play as black myself, but insetad the fish gives:
} (11... h6 12. g4 (12. Rd1 f5 13. Bb1 Bd7 14. h3 Qb6 15. Nce2 Ne7 16. g4 Qxb2
17. gxf5 Nxf5 18. Bxf5) 12... e5 13. Nfxd5 exd4 14. exd4 Re8+ $14 {And black
is holding on.}) 12. g4 $1 $40 {Forgot castling was a rule here and decided to
try and checkmate my opponent's king istead.} Nb4 $6 13. Bb1 Qc7 $2 {Mistake.
a5 was best. This way of defending was not one that I had looked at as black
HAD to go for 12.Ne7 Ng6 instead, but here white will parry black's attempt at
counterplay while still having pressure on the kingside.} (13... a5 14. a3) 14.
Nd3 $4 {Blunder. a3 was best. Regretted this move the moment I played it. You
should never go take steps backward in an attack and instead look for ways to
go forward.} (14. a3 Nc6 15. gxf5 exf5 16. Ncxd5 Qa5+ 17. b4 Qd8 18. Bxf5 Bxf5
19. Qxf5 Ne7 20. Nxe7 Qxe7) 14... Qc4 $6 {Inaccuracy. Qb6 was best.} (14... Qb6
15. Nf4 Rg8 16. gxf5 exf5 17. Nfe2 Bf8 18. Qxf7 Bh6 19. a3 Nc6 20. b4 Rf8 21.
Qxd5) 15. Kd2 $6 {Inaccuracy. Nf4 was best. Nice resource by white. The king
ain't afraid of no ghosts.} (15. Nf4 Bd7 16. gxf5 exf5 17. Bxf5 Bxf5 18. Qxf5
Rac8 19. a3 Qb3 20. O-O Qxb2 21. axb4 Rxc3) 15... Nxd3 $6 {Inaccuracy. e5 was
best.} (15... e5) 16. Bxd3 Qb4 17. Rab1 a5 18. Rhg1 Ra6 $2 $138 {Mistake. h6
was best. Played with less than 2 minutes on the clock.} (18... Rg8 19. gxf5
exf5 20. a3 {Was better for black}) (18... h6 19. gxf5 exf5 20. Rg3 a4 21. Bxf5
Bxf5 22. Qxf5 Ra6 23. a3 Rf6 24. axb4 Rxf5 25. Ke2) 19. gxf5 exf5 20. Rxg7 $3 {
White now crashes though. I could've taken the rook on a6 right away but this
way is prettier and still gets the job done.} Kxg7 21. Bxa6 Kf6 22. Kc2 {
Now threatening Nxd5+. Black tried to play 22.Rd8 here but flagged just before
hitting the clock. It wouldn't have mattered anyways because Rd8 Qh4+ wins the
rook and the game for white.} 1-0

[Event "72nd Oregon Open"]
[Site "Portland, OR"]
[Date "2022.09.04"]
[Round "3"]
[White "Toppen-Ryan, Harrison"]
[Black "Arganian, David"]
[Result "1-0"]
[WhiteElo "1818"]
[BlackElo "2013"]
[Annotator "Harrison Toppen-Ryan"]
[PlyCount "49"]
[EventDate "2022.09.03"]
[EventType "swiss"]
[EventRounds "6"]
[EventCountry "USA"]

1. d4 Nf6 2. c4 g6 3. Nc3 Bg7 4. e4 d6 5. f4 $6 {Inaccuracy. Be2 was best. One
of my favorite and most underrated ways to tackle the KID. Black can get into
huge trouble here if they don't know or understand the theory. Which, in most
cases, they do not as this opening and line on move 8, is fairly uncommon.} (5.
Be2 O-O 6. Be3 Na6 7. h3 e5 8. d5 Nc5 9. Qc2 Ne8) 5... O-O 6. Nf3 c5 (6... Na6
$5) 7. d5 e6 (7... b5 $5) 8. dxe6 {A young Boris Spassky loved this variation
and had several good games here as white. This moves also takes a lot of KID
players by surprise as:} (8. Be2 exd5 9. cxd5 Re8 10. e5 dxe5 11. fxe5 Ng4 {
is the mainline and therefore, what most black players are probably most
prepped for.}) 8... Bxe6 $6 {Inaccuracy. fxe6 was best. This is one way to
recapture, but 8.fxe6 would have been more solid and is better for black.} (
8... fxe6 9. Bd3) 9. Bd3 Nc6 10. f5 $5 {The dynamic play begins now...} gxf5
11. exf5 Bd7 12. O-O Ne5 13. Bg5 $6 {It wasn't best to allow Nxd3 here.
Inestead:} (13. Nxe5 dxe5 14. Bg5 Bc6 15. Bxf6 Bxf6 16. Be4 Qd4+ 17. Kh1 $14)
13... Bc6 14. Nxe5 dxe5 15. Qe2 e4 16. Bc2 Qd4+ 17. Be3 Qe5 18. Bf4 $2 {
Mistake. g4 was best.} (18. g4 h6) 18... Qe7 $2 {Mistake. Qxf5 was best. Here
I thought that 18.Qxf4 was refuted by Bd6. However, the fish thinks the black
is fine afterward and has activity for the lost exchange.} (18... Qxf5) 19.
Rae1 Rfe8 20. g4 $5 {Attacking on the same side of the board!? Very barbaric
and creates an exciting, and vivifying game nonetheless.} Nd7 21. Nd5 Bxd5 $2 {
Mistake. Qh4 was best. Apparently black needs to find the computer defense:} (
21... Qh4 22. Bg3 Qh6 {which isn't easy to commit to.} (22... Bd4+ 23. Kg2 Qd8
24. Nc7 Re7 25. Kh3 Rc8 26. Nd5 Re8 27. Bh4 Nf6 28. Nxf6+)) 22. cxd5 Bxb2 $6 {
Inaccuracy. Qh4 was best. Way too greedy, now white has the initiative and
attack.} (22... Qh4 23. Bg3) 23. g5 $1 $40 Be5 $2 {Mistake. Nb6 was best.} (
23... Nb6 24. Kh1) 24. f6 $1 Qd6 $6 {Inaccuracy. Qf8 was best.} (24... Qf8 25.
Qh5 Kh8 26. Qh3 Rad8 27. Rxe4 Qg8 28. Rfe1 Bd4+ 29. Kf1 Rxe4 30. Rxe4 Nf8 31.
Qf3) 25. Qxe4 $18 {1-0 White wins. If Bd4+ Qxd4!! cxd4 Bxd6 and white is up a
whole Bishop.} 1-0

[Event "72nd Oregon Open"]
[Site "Portland, OR"]
[Date "2022.09.04"]
[Round "4"]
[White "Omori, Michael"]
[Black "Toppen-Ryan, Harrison"]
[Result "1/2-1/2"]
[WhiteElo "2163"]
[BlackElo "1818"]
[Annotator "Harrison Toppen-Ryan"]
[PlyCount "76"]
[EventDate "2022.09.03"]
[EventType "swiss"]
[EventRounds "6"]
[EventCountry "USA"]

1. d4 Nf6 2. Nc3 d5 3. Bf4 e6 4. e3 Bb4 5. Bd3 c5 6. dxc5 Bxc3+ $6 {Inaccuracy.
O-O was best. Here black should instead play:} (6... Nbd7 7. Nge2 a6 8. a3 Bxc5
$15) (6... O-O 7. Nge2 Bxc5 8. O-O Nc6 9. Nd4 Bd7 10. Nb3 Bb6 11. Rc1) 7. bxc3
Qa5 8. Bd6 $1 {After the game, my opponent told me this was the opening trap
they had studied on Chessable. It's a rare trap, but it stops black from
castling while accepting the triple pawns and a King on f1.} Qxc3+ 9. Kf1 $1
Nbd7 $6 {Inaccuracy. Qa5 was best.} (9... Qa5 10. Ne2 b6 11. Rb1 Ba6 12. cxb6
axb6 13. Rb3 Bxd3 14. cxd3 Na6 15. Ra3 Qb5 16. h4) 10. Ne2 Qa5 11. Nd4 $6 {
Inaccuracy. Rb1 was best.} (11. Rb1) 11... a6 $4 {Blunder. Nxc5 was best. Here
I got scarred because if Nxc5 then Nb5. But the fish likes to yell at me and
instead says:} (11... Nxc5 12. Nb5 $4 (12. Nb3) 12... Nxd3 13. Nc7+ (13. Qxd3
Ne4 14. Nc7+ Kd8) 13... Kd7 $1 14. cxd3 Kxd6 15. Nxa8 Bd7) 12. Nb3 $6 {White
is now better here and it's up to black to try and wiggle out of this mess.}
Qd8 13. Qf3 b6 14. cxb6 Qxb6 15. Ba3 Bb7 16. Qg3 Rg8 $6 {Inaccuracy. h5 was
best.} (16... h5) 17. Rc1 $6 {Inaccuracy. Rb1 was best.} (17. Ke2 $1 {
Connecting the rook and keeping them more flexable.}) (17. Rb1 e5 18. f3 Bc6
19. Kf2 Bb5 20. Rhe1 g5 21. Kg1 h5 22. Bf5 Rc8 23. Qf2 Rc6) 17... Rc8 18. Qd6
$6 {Now I was happy that I can at least get the queens off. The bishop on d6
still causes my problems however.} Qxd6 19. Bxd6 Ne4 20. Bb4 f5 21. Na5 Nec5
22. Nxb7 $6 Nxb7 $6 (22... Nxd3 23. Nd6+ Kd8 24. Ba5+ Ke7 25. Nxc8+ Rxc8 26.
Rd1 Nb2 27. Rd2 e5 $14 {This was really hard to go for as black despite the
fish saying this was black's best try.}) 23. Bxa6 Rc7 24. Bb5 $6 {Inaccuracy.
Ke2 was best.} (24. Ke2 Kf7) 24... Kf7 25. a4 Ra8 26. c3 $6 {Inaccuracy. Ra1
was best.} (26. Ra1 Nf6) 26... Ndc5 $1 {Going after a4. Black needs to get
that pawn off asap.} 27. Ke2 Nxa4 28. Ra1 Nb6 $2 29. Rxa8 Nxa8 30. Ra1 $1 Nb6
31. Ra7 $2 (31. Ra6 {Was apparently better, but I'm still not too sure as to
why.}) 31... Nc8 $1 {Now black and defend without much issue, despite white
having 'The double bishop pair' vs black's knight pair.} 32. Ra8 $6 {
Inaccuracy. Ra6 was best.} (32. Ra6 Nc5 33. Bxc5 Rxc5 34. Bd7 Ke7 35. Bxe6 Nd6
36. Bg8 Rxc3 37. Bxd5 Rc2+ 38. Ke1 Rb2) 32... Ncd6 33. Bd3 Kf6 34. Ra7 Rc6 35.
f3 Nc5 36. Bc2 Nc4 37. Bb1 Nd6 38. Bc2 Nc4 {1/2-1/2 The game is a draw.}
1/2-1/2

[Event "72nd Oregon Open"]
[Site "Portland, OR"]
[Date "2022.09.05"]
[Round "6"]
[White "Qiao, Eniie"]
[Black "Borate, Neel"]
[Result "0-1"]
[WhiteElo "1522"]
[BlackElo "1180"]
[Annotator "Neel Borate"]
[PlyCount "68"]
[EventDate "2022.09.03"]
[EventType "swiss"]
[EventRounds "6"]
[EventCountry "USA"]

1. c4 (1. d4 d5 2. c4 e6) (1. e4) 1... e6 (1... e5 2. Nc3 Nf6) 2. g3 {In a way
I was expecting 2. d4 because it would lead to the Queens Gambit, which could
be easier to play in this situation.} (2. d4 d5 {[#]}) 2... d5 3. Bg2 Nf6 4. d4
Be7 5. Nc3 {[#] Closed Catalan} (5. Nf3 dxc4 6. Qc2 (6. Nbd2 b5 7. Ne5)) 5...
O-O {[#] Here I think that if White had played slightly different then I would
be having a very hard time with my light squared bishop.} 6. Bg5 $6 (6. Nf3 $1
{It still is equal, but White is doing better here.} c6 7. O-O Nbd7 8. Nd2 b6
9. e4 {White controls lots of space. Black isn't losing, but I feel slightly
uncomfortable in this situation because of how unactive my pieces are.} dxe4
10. Ndxe4 Nxe4 11. Nxe4 $14) 6... c6 $2 {Not a losing move, but I could have
won a free pawn with 6...dxc4} (6... dxc4 7. Nf3 Bd7 8. Ne5 Bc6 9. Nxc6 Nxc6 {
Wins a free pawn.}) (6... c5 7. dxc5 Bxc5 (7... d4 8. Nb5 Bxc5) 8. cxd5) 7. e3
{[#] Traps the bishop in that small area. I don't like this move.} h6 {Bishop
for knight trading.} 8. Bxf6 Bxf6 9. cxd5 (9. e4 dxe4 10. Nxe4) 9... exd5 10.
Nge2 Bf5 {I like my position here because of how comfortable it is.} 11. O-O
Nd7 12. Rc1 Nb6 13. b3 $15 {This move creates holes. My dark squared bishop
has some annoying ideas for White.} Be7 14. a4 Nd7 15. Nf4 Qa5 16. Nd3 Nf6 (
16... Ba3 17. Ra1 $4 {Unfortunately White would play 17...Rc2 instead.} (17.
Rc2 {Here White has some annoying pins though, however.} Bb4 18. Nxb4 Bxc2 19.
Nxc2 Qxc3) 17... Bxd3 18. Qxd3 Bb2) 17. Nc5 Rab8 18. Qf3 $4 $18 {[#]} Bg4 19.
Qf4 Rfd8 $4 {Black isn't losing, just that there was a much, much better move
available to play.} (19... g5 20. Qe5 Qd8 $3 $18 {[#] The only way to trap
White's queen}) 20. e4 dxe4 $11 (20... Bxc5 21. dxc5 dxe4 22. Nxe4 Nxe4 23.
Bxe4 Be6 {Comfy position for Black.}) 21. N3xe4 Bh5 22. Nxf6+ Bxf6 23. g4 $4
$18 (23. h4 Bxd4 24. Nd7) 23... Bg5 {I'm very surprised that my opponent
didn't see this move. At the time, I thought that I could do multiple cool
tricks, but I really only had this one.} 24. Qe4 Bxc1 25. Rxc1 Bg6 26. Qe7 {
I had about 13 minutes on the clock here, and my opponent had about 30 minutes.
And I thought for about 10 minutes on this move, but then I knew exactly how
to win.} Re8 $1 27. Qd6 Rbd8 28. Qf4 Re1+ 29. Rxe1 Qxe1+ 30. Bf1 b6 $1 31. Nb7
$4 (31. Qe3 {White's best option.}) 31... Bd3 32. Kg2 Bxf1+ {I should have
taken with the queen, but I guess the time pressure got to me on that one.} 33.
Kg3 Qc3+ 34. f3 $6 Qe1# 0-1

[Event "Hollywood Chess Norm Classic Swiss Inv"]
[Site "Los Angeles"]
[Date "2022.08.04"]
[Round "3"]
[White "Batchuluun, Tsegmed"]
[Black "Levine, Joseph"]
[Result "0-1"]
[WhiteElo "2478"]
[BlackElo "2254"]
[Annotator "Joseph Levine"]
[PlyCount "86"]
[EventDate "2022.??.??"]
[EventType "swiss"]
[EventCountry "USA"]

1. d4 d5 2. c4 e6 3. Nc3 Nf6 4. cxd5 exd5 5. Bg5 c6 6. e3 Bd6 7. Bd3 O-O 8. Nf3
Re8 9. O-O Nbd7 10. Qc2 Nf8 11. Rae1 Bg4 12. Ne5 {So far he has played all his
moves very quickly. Ne5 caught me off guard, I thought this was just a free
pawn, but white has compensation.} Bxe5 13. dxe5 Rxe5 14. f4 {White's point!
After f5 my bishop is trapped.} Re8 {I thought about 14...Rxg5 but didn't like
15.fxg5 N6d7 and 16.h4, but the computer thinks that is best, +0.2.} 15. f5 h6
16. Bh4 Bh5 17. h3 N8d7 {I initially planned to play 17...Qb6 instead, with
the idea that 18.Bf2 Qc7 19.g4 Bxg4 is fine for me. However, I missed Na4 when
I just have to go back.} 18. g4 Qb6 19. Na4 {Instead of this, 19.gxh5
immediately was stronger. If 19...Nxh5, White has f6. I was planning after 19.
gxh5 to play 19...Rxe3 20.Bf2 Rxe1 21.Bxb6 Rxf1+ 22.Kxf1 and 22...axb6, with a
losing position, but it's still tricky to actually win for White.} Qa5 20. gxh5
c5 {Although this is still objectively winning for White, this is really
difficult to play. My pawns are moving forward, and he can't easily attack my
king.} 21. Qd1 b5 22. Nc3 b4 23. Na4 Kh8 {23...c4 here was also ok, but I
thought that after 23...c4 24.Bc2 and then 24...Kh8 he had 25.Qd4 which was
quite strong.} 24. b3 Ne5 25. Bc2 Rad8 {All my pieces have activated, and I
have a lot of strong options, like ...d4-d3 or ...c4. We are both relatively
low on time at this point.} 26. Bxf6 $4 {A big blunder. My knight was never
going to move because of f6, and his bishop could have been useful on g3 or f2.
This also opened the g-file for me. Better options were Kh1 or Qe2/d2.} gxf6
27. Kh1 Qc7 28. Rg1 Qc6 29. Rg2 {According to the computer, 29.e4 dxe4 30.Bxe4
was the only winning plan for White here, because after 30...Rxd1 31.Bxc6 Rxe1
32.Rxe1 the knight is pinned.} d4 30. exd4 {30.e4 was better.} Nf3 $1 {All of
a sudden, my pieces activate, and he is in serious trouble. If 31.Rxe8+ Rxe8
32.d5 I have Qxd5!!} 31. Rf1 {Apparently only 31.d5! kept advantage for White,
and after 31...Qxd5 White can play 32.Rf1, and ...Nh4 doesn't work because of
the queen trade.} Nh4 32. d5 {32.Qg4 was the only holding move as it forced
trades on g2. If 32.Qg4 Rg8 33.Be4 is winning.} Rxd5 33. Qg4 Nxg2 34. Qxg2 Rg8
35. Qf3 Qd6 36. Qf4 Qxf4 37. Rxf4 {After the queen trade I have a winning
position because his pieces are so misplaced, and his pawn structure is really
bad.} Rd2 38. Be4 c4 {A useful final touch as I create a passed pawn that will
ultimately win one of his pieces.} 39. bxc4 Rxa2 40. Nc5 Rc8 41. Nd7 Rd8 42.
Bc6 b3 43. Rf1 b2 0-1